书目信息 |
| 题名: |
新编大学英语六级考试仿真试题集
|
|
| 作者: | 孙翠兰 主编 | |
| 分册: | ||
| 出版信息: | 上海 上海交通大学出版社 1997.06 |
|
| 页数: | 140页 | |
| 开本: | 16开 | |
| 丛书名: | ||
| 单 册: | ||
| 中图分类: | H319.6 | |
| 科图分类: | ||
| 主题词: | 英语 | |
| 电子资源: | ||
| ISBN: | 7-313-01466-X | |
| 000 | 00596nam0 2200193 45 | |
| 001 | 0010241040 | |
| 005 | 20001024100251.6 | |
| 010 | @a7-313-01466-X@d10.00元 | |
| 100 | @a20001024d1997 km y0chiy0120 ea | |
| 101 | 0 | @achi |
| 105 | @a z 000yy | |
| 200 | 1 | @a新编大学英语六级考试仿真试题集@AXin Bian Da Xue Ying Yu Liu Ji Kao Shi Fang Zhen ShiTi Ji@f孙翠兰主编@FSun Cui Lan Zhu Bian |
| 210 | @a上海@c上海交通大学出版社@d1997.06 | |
| 215 | @a140页@d16开 | |
| 606 | 0 | @a英语 |
| 690 | @aH319.6@v3 | |
| 701 | 0 | @a孙翠兰@4主编 |
| 801 | @aCN@bPftUser@c20001024 | |
| 905 | @b185562-566@dH319.6@eS418@f5 | |
| 新编大学英语六级考试仿真试题集/孙翠兰主编.-上海:上海交通大学出版社,1997.06 |
| 140页;16开 |
| ISBN 7-313-01466-X:10.00元 |
| ● |
| 相关链接 |
|
|
|
正题名:新编大学英语六级考试仿真试题集
索取号:H319.6/S418
 
预约/预借
| 序号 | 登录号 | 条形码 | 馆藏地/架位号 | 状态 | 备注 |
| 1 | 185562 | 201855625 | 自科二线504/504自科库 45排4列3层/ [索取号:H319.6/S418] | 在馆 | |
| 2 | 185563 | 201855634 | 自科二线504/504自科库 45排4列3层/ [索取号:H319.6/S418] | 在馆 | |
| 3 | 185564 | 201855643 | 语言库209/209语言库 57排7列1层/ [索取号:H319.6/S418] | 在馆 | |
| 4 | 185565 | 201855652 | 语言库209/209语言库 57排7列1层/ [索取号:H319.6/S418] | 在馆 | |
| 5 | 185566 | 201855661 | 语言库209/209语言库 57排7列1层/ [索取号:H319.6/S418] | 在馆 |